[Event "HUN-chT2 Szechenyi 1516"]
[Site "Hungary"]
[Date "2016.02.14"]
[Round "7.4"]
[White "Domotor, Jozsef"]
[Black "Toth, Daniel"]
[Result "1-0"]
[WhiteElo "1955"]
[BlackElo "2155"]
[PlyCount "60"]
[EventDate "2015.09.13"]
[EventType "team-tourn"]
[EventRounds "11"]
[EventCountry "HUN"]
[SourceTitle "EXT 2017"]
[Source "ChessBase"]
[SourceDate "2016.10.25"]
[SourceVersion "1"]
[SourceVersionDate "2016.10.25"]
[SourceQuality "1"]
[WhiteTeam "Zala Volan"]
[BlackTeam "Keszthely Spartacus"]
[WhiteTeamCountry "HUN"]
[BlackTeamCountry "HUN"]

1. d4 Nf6 2. Nf3 c5 3. c4 e6 4. Nc3 cxd4 5. Nxd4 Nc6 6. a3 Bc5 7. Ndb5 0-0 8. e3 d5 9. cxd5 exd5 10. Be2 Bf5 11. 0-0 a6 12. Nd4 Bxd4 13. exd4 Qb6 14. Bf3 Nxd4 15. Be3 Nxf3+ 16. Qxf3 Qxb2 17. Nxd5 Nxd5 18. Qxd5 Be6 19. Qe4 b5 20. Bd4 Qb3 21. Qf4 Qd5 22. Rfe1 Rad8 23. Bc3 Qf5 24. Qg3 f6 25. Bb4 Rd3 26. Re3 Rfd8 27. h3 Rxe3 28. Qxe3 Rd3 29. Qb6 h6 30. Qxa6 Qg5 1-0

[Event "HUN-chT2 Szechenyi 1516"]
[Site "Hungary"]
[Date "2015.12.06"]
[Round "6.4"]
[White "Toth, Daniel"]
[Black "Foki, Robert"]
[Result "1-0"]
[WhiteElo "2155"]
[BlackElo "1812"]
[PlyCount "61"]
[EventDate "2015.09.13"]
[EventType "team-tourn"]
[EventRounds "11"]
[EventCountry "HUN"]
[SourceTitle "CBM 170 Extra"]
[Source "ChessBase"]
[SourceDate "2016.02.25"]
[SourceVersion "1"]
[SourceVersionDate "2016.02.25"]
[SourceQuality "1"]
[WhiteTeam "Keszthely Spartacus"]
[BlackTeam "Arboretum"]
[WhiteTeamCountry "HUN"]
[BlackTeamCountry "HUN"]

1. c4 Nf6 2. Nc3 e5 3. g3 Bc5 4. Bg2 Ng4 5. e3 Nf6 6. Nge2 c6 7. d4 exd4 8. exd4 Bd6 9. 0-0 0-0 10. d5 h6 11. Nd4 Na6 12. Nf5 Be5 13. d6 Re8 14. Ne2 Nh7 15. Nf4 Qf6 16. Qg4 Qg5 17. Qh3 Qd8 18. Nh5 Re6 19. Qg4 Rg6 20. Ne7+ Kh8 21. Nxg6+ fxg6 22. Qxg6 Nf8 23. Qf7 Ne6 24. Re1 Bd4 25. Nf4 Nac5 26. Be3 Bxb2 27. Rab1 Bc3 28. Bxc5 Bxe1 29. Rxe1 Qa5 30. Qe8+ Kh7 31. Be4+ 1-0

[Event "HUN-chT2 Szechenyi 1415"]
[Site "Hungary"]
[Date "2015.03.01"]
[Round "9.7"]
[White "Kokai, Miklos"]
[Black "Toth, Daniel"]
[Result "1-0"]
[WhiteElo "1885"]
[BlackElo "1971"]
[PlyCount "69"]
[EventDate "2014.09.07"]
[EventType "team-tourn"]
[EventRounds "11"]
[EventCountry "HUN"]
[SourceTitle "EXT 2016"]
[Source "ChessBase"]
[SourceDate "2015.10.08"]
[SourceVersion "1"]
[SourceVersionDate "2015.10.08"]
[SourceQuality "1"]
[WhiteTeam "Csuti"]
[BlackTeam "Keszthely"]
[WhiteTeamCountry "HUN"]
[BlackTeamCountry "HUN"]

1. d4 Nf6 2. Bf4 e6 3. Nd2 c5 4. c3 d5 5. Ngf3 Nbd7 6. e3 Be7 7. Bd3 b6 8. Ne5 Nxe5 9. Bxe5 Bd6 10. Bb5+ Bd7 11. Bxd7+ Qxd7 12. Bxf6 gxf6 13. Qf3 Qd8 14. e4 cxd4 15. cxd4 dxe4 16. Nxe4 Bb4+ 17. Nc3 Rc8 18. a3 Bd6 19. 0-0 0-0 20. Rfe1 f5 21. Rad1 Qd7 22. g4 fxg4 23. Qxg4+ Kh8 24. Kh1 Rg8 25. Qe4 Rce8 26. Rd3 f5 27. Qh4 Qg7 28. Qh3 Qg5 29. Ne2 Qf6 30. f4 Rg4 31. Rg1 Rxg1+ 32. Kxg1 Rg8+ 33. Rg3 Bxf4 34. Rxg8+ Kxg8 35. Qg2+ 1-0

[Event "HUN-chT2 Szechenyi 1415"]
[Site "Hungary"]
[Date "2015.02.08"]
[Round "8.6"]
[White "Kaufmann, Attila"]
[Black "Toth, Daniel"]
[Result "1/2-1/2"]
[WhiteElo "1947"]
[BlackElo "1971"]
[PlyCount "27"]
[EventDate "2014.09.07"]
[EventType "team-tourn"]
[EventRounds "11"]
[EventCountry "HUN"]
[SourceTitle "EXT 2016"]
[Source "ChessBase"]
[SourceDate "2015.10.08"]
[SourceVersion "1"]
[SourceVersionDate "2015.10.08"]
[SourceQuality "1"]
[WhiteTeam "Ajka Banyasz"]
[BlackTeam "Keszthely"]
[WhiteTeamCountry "HUN"]
[BlackTeamCountry "HUN"]

1. d4 Nf6 2. Nf3 c5 3. d5 e6 4. c4 b5 5. e3 Bb7 6. dxe6 fxe6 7. Nc3 b4 8. Ne2 Be7 9. Ng3 0-0 10. Be2 Nc6 11. 0-0 d5 12. Qc2 Bd6 13. Rd1 Ne7 14. b3 1/2-1/2

[Event "HUN-chT2 Erkel 1415"]
[Site "Hungary"]
[Date "2014.10.11"]
[Round "1.2"]
[White "Petran, Pal"]
[Black "Toth, Daniel"]
[Result "1/2-1/2"]
[WhiteElo "2293"]
[BlackElo "2318"]
[PlyCount "40"]
[EventDate "2014.09.28"]
[EventType "team-tourn"]
[EventRounds "9"]
[EventCountry "HUN"]
[SourceTitle "EXT 2016"]
[Source "ChessBase"]
[SourceDate "2015.10.08"]
[SourceVersion "1"]
[SourceVersionDate "2015.10.08"]
[SourceQuality "1"]
[WhiteTeam "HASE"]
[BlackTeam "Andornaktalya"]
[WhiteTeamCountry "HUN"]
[BlackTeamCountry "HUN"]

1. d4 d5 2. c4 e5 3. dxe5 d4 4. Nf3 Nc6 5. g3 Bg4 6. Bg2 Qd7 7. 0-0 0-0-0 8. Qb3 Nge7 9. Rd1 Qf5 10. Na3 Ng6 11. Nc2 Bc5 12. Nce1 Bxf3 13. Qxf3 Qxf3 14. Nxf3 Ngxe5 15. Bf4 Rhe8 16. Nxe5 Nxe5 17. b4 Bf8 18. Bxe5 Rxe5 19. Bf3 c6 20. Rab1 Kc7 1/2-1/2

[Event "HUN-chT2 Maroczy 1314"]
[Site "Hungary"]
[Date "2014.03.02"]
[Round "8"]
[White "Berta, Sandor Martin"]
[Black "Toth, Daniel"]
[Result "0-1"]
[WhiteElo "1953"]
[BlackElo "2073"]
[PlyCount "58"]
[EventDate "2013.09.08"]
[EventType "team-tourn"]
[EventRounds "11"]
[EventCountry "HUN"]
[SourceTitle "EXT 2016"]
[Source "ChessBase"]
[SourceDate "2015.10.08"]
[SourceVersion "1"]
[SourceVersionDate "2015.10.08"]
[SourceQuality "1"]
[WhiteTeam "Toth Laszlo"]
[BlackTeam "Budapest Kobanya"]
[WhiteTeamCountry "HUN"]
[BlackTeamCountry "HUN"]

1. Nf3 d5 2. g3 Nf6 3. Bg2 e6 4. 0-0 Be7 5. c4 0-0 6. b3 c5 7. cxd5 exd5 8. d4 Nc6 9. Bb2 b6 10. Nc3 Ba6 11. Rc1 Re8 12. Re1 Rc8 13. dxc5 bxc5 14. Nh4 Nb4 15. a3 d4 16. axb4 dxc3 17. Bxc3 cxb4 18. Bb2 Qxd1 19. Rcxd1 Rc2 20. Ra1 Rxb2 21. Rxa6 Bc5 22. Rc6 Bb6 23. Nf5 h5 24. Rxb6 axb6 25. Nd4 Rd2 26. Nc6 Rexe2 27. Rxe2 Rxe2 28. Nxb4 Rb2 29. Nd5 Rb1+ 0-1

[Event "HUN-chT2 Szechenyi 1213"]
[Site "Hungary"]
[Date "2013.01.27"]
[Round "6.9"]
[White "Metal, Imre"]
[Black "Toth, Daniel"]
[Result "0-1"]
[WhiteElo "1864"]
[BlackElo "1797"]
[PlyCount "86"]
[EventDate "2012.09.16"]
[EventType "team-tourn"]
[EventRounds "11"]
[EventCountry "HUN"]
[SourceTitle "EXT 2014"]
[Source "ChessBase"]
[SourceDate "2013.11.20"]
[SourceVersion "1"]
[SourceVersionDate "2013.11.20"]
[SourceQuality "1"]
[WhiteTeam "Zala Volan"]
[BlackTeam "Keszthely"]
[WhiteTeamCountry "HUN"]
[BlackTeamCountry "HUN"]

1. c4 Nf6 2. d4 c5 3. d5 b5 4. Nc3 b4 5. Na4 e6 6. Bg5 h6 7. Bh4 d6 8. b3 Be7 9. Nf3 0-0 10. Nb2 Nxd5 11. cxd5 Bxh4 12. dxe6 fxe6 13. Nc4 Bf6 14. Rc1 Bc3+ 15. Ncd2 Bb7 16. e3 Qa5 17. Qc2 Nd7 18. Be2 Nf6 19. 0-0 Qc7 20. Rfd1 Rad8 21. Bd3 Ng4 22. h3 Ne5 23. Nxe5 Bxe5 24. f4 Bf6 25. Be2 Rc8 26. Bg4 Rfe8 27. Ne4 Bxe4 28. Qxe4 Qe7 29. Qd3 Rcd8 30. Rc2 d5 31. Rdc1 Bc3 32. a4 e5 33. f5 e4 34. Qa6 Qg5 35. Qe2 Kh8 36. Bh5 Re7 37. Bg6 d4 38. exd4 cxd4 39. Qg4 Qxg4 40. hxg4 d3 41. Ra2 e3 42. Rd1 d2 43. f6 gxf6 0-1

[Event "HUN-chT2 Szechenyi 1112"]
[Site "Hungary"]
[Date "2011.11.27"]
[Round "4.11"]
[White "Bodocs, Richard"]
[Black "Toth, Daniel"]
[Result "0-1"]
[WhiteElo "1608"]
[BlackElo "1701"]
[PlyCount "88"]
[EventDate "2011.09.25"]
[EventType "team-tourn"]
[EventRounds "11"]
[EventCountry "HUN"]
[SourceTitle "EXT 2013"]
[Source "ChessBase"]
[SourceDate "2012.11.22"]
[SourceVersion "1"]
[SourceVersionDate "2012.11.22"]
[SourceQuality "1"]
[WhiteTeam "Zalaegerszeg"]
[BlackTeam "Keszthely"]
[WhiteTeamCountry "HUN"]
[BlackTeamCountry "HUN"]

1. e4 c5 2. Nf3 e6 3. d4 cxd4 4. Nxd4 Nc6 5. Nc3 Qc7 6. Be2 a6 7. 0-0 Nf6 8. Be3 Bb4 9. Bf3 Ne5 10. Nce2 b5 11. c3 Bd6 12. Ng3 Bb7 13. Re1 Nxf3+ 14. gxf3 h5 15. Bg5 h4 16. Nf1 Bf4 17. Bxf4 Qxf4 18. h3 d6 19. Qc1 Nh5 20. Qxf4 Nxf4 21. Kh2 Ke7 22. Ne3 Rac8 23. Rad1 d5 24. exd5 Nxd5 25. Nxd5+ Bxd5 26. Nf5+ Kf6 27. Nd4 Rcd8 28. Kg2 Rh5 29. Rd3 Rg5+ 30. Kh2 Bxa2 31. f4 Rh5 32. Ra1 Bc4 33. Rd2 Rd6 34. Ra5 e5 35. fxe5+ Rxe5 36. f4 Re3 37. Ra1 Be6 38. f5 Bxf5 39. Rf2 Rxh3+ 40. Kg2 Rg3+ 41. Kh2 g6 42. Raf1 Rd5 43. Rf4 Kg5 44. Ne2 Rd2 0-1